000 01015nam a2200289 c 4500
001 22847
003 ES-MaCES
005 20250121040010.0
008 100219s2009 sp ado t o000 | spa d
017 _aM 41898-2009
_bDL
035 _aCES20100001269m
040 _aES-MaCES
_bspa
_cES-MaCES
110 2 _aInstituto de la Mujer (España)
_94190
245 1 0 _aMemoria del Instituto de la Mujer 2008
_c[coordinación, Servicio de Gestión de Estudios, Instituto de la Mujer]
260 _aMadrid
_bInstituto de la Mujer
_c[2009]
300 _a308 p.
_bgraf., fot., il. col.
_c30 cm
541 _cGratuito
610 2 7 _aInstituto de la Mujer (España)
_2
_94190
650 4 _ainforme de actividades
_928984
650 4 _amemoria anual
_928977
650 4 _a2008
_931908
653 1 0 _aAdministración-Instituciones públicas
787 0 _tMemoria del Instituto de la Mujer 2006
_w(ES-MaCES)20198
902 _aDOC Literatura gris
942 _2CES
_cBK
_h6.3.
999 _c22847
_d22847